boston celtics the times they won the championships - Statistics

General Stats
  • This quiz has been taken 1,027 times
  • The average score is 16 of 17
Answer Stats
Hint Answer % Correct
2008
99%
1957
96%
1959
96%
1960
96%
1961
96%
1962
96%
1963
96%
1964
96%
1965
96%
1966
96%
1968
96%
1969
96%
1981
96%
1984
96%
1986
96%
1974
95%
1976
95%
No matching quizzes found
Score Distribution
Percent of People with Each Score
Percentile by Number Answered
Your Score History
You have not taken this quiz